000 00638nam a22002057a 4500
005 20251108172714.0
008 250721s2003 xx 000 0 ara d
082 1 4 _a371.26/عز
100 1 _aعز الدين، أبو النجا
_eمؤلف
245 1 0 _aإدارة وقت الطالب سر التفوق /
264 1 _aالقاهرة :
_bمكتبة جزيرة الورد،
_c2003.
300 _a65ص
650 1 7 _aالإمتحانات
650 1 7 _aالتربية
650 1 7 _aالتعلم
650 1 7 _aالوقت
700 1 _aبدران، عمرو حسن أحمد
_eمؤلف مشارك
942 _2ddc
_cBK
999 _c86424
_d86424